| 000 | 00913nam a22002777a 4500 | ||
|---|---|---|---|
| 001 | 6988 | ||
| 003 | FISKH | ||
| 005 | 20250616110308.0 | ||
| 008 | 250616b cb ||||| |||| 00| 0 eng d | ||
| 020 | _a076645060365 | ||
| 040 |
_aFISKH _beng _cFISKH _dFISKH |
||
| 082 | _aPZ8.V73 I | ||
| 100 | _aHoffman, James | ||
| 245 |
_aI don't like peas / _cWritten by Marie Vinje : Illustrated by Robin Michal Koontz |
||
| 260 |
_aMichigan : _bSchool Zone Publishing Company, _c1994. |
||
| 300 |
_a16 pages : _bcolor illustrations ; _c23 cm . |
||
| 490 |
_aA start to read ! book _vLevel 2 |
||
| 505 | _aD | ||
| 520 | _aA little girl hates to eat peas until she uses them to play games with her cat. | ||
| 521 | 8 |
_a160
_bLexile estimate |
|
| 521 | 8 |
_aD
_bRaz-Plus |
|
| 650 |
_aPeas _vJuvenile Literature |
||
| 700 |
_aKoontz, Robin Michal _eIllustrator |
||
| 942 |
_2ddc _cBK _n0 |
||
| 999 |
_c6988 _d6988 |
||